Statistics for Countries With Most Arable Land

Click here to take the quiz!

General Stats

  • This quiz has been taken 44 times
  • The average score is 21 of 25

Answer Stats

RankAreaCountry% Correct
7469,000km2Canada
97%
21,652,000km2United States
97%
5732,000km2Brazil
95%
16215,000km2France
95%
13231,000km2Mexico
95%
31,248,000km2Russia
95%
6479,000km2Australia
92%
8386,000km2Argentina
89%
24121,000km2Germany
89%
11,753,000km2India
89%
10338,000km2Ukraine
89%
41,084,000km2China
87%
23125,000km2Spain
84%
21155,000km2Niger
82%
9344,000km2Nigeria
79%
15219,000km2Pakistan
79%
12247,000km2Indonesia
76%
18178,000km2Iran
76%
17209,000km2Turkey
76%
14221,000km2Kazakhstan
74%
25120,000km2South Africa
74%
20158,000km2Thailand
71%
11292,000km2Sudan
61%
19167,000km2Ethiopia
58%
22135,000km2Tanzania
55%

Score Distribution

Percentile by Number Answered

Percent of People with Each Score

Your Score History

You have not taken this quiz